COMMENTARY ON INFORMATION TECHNOLOGY ACT (Record no. 25175)

MARC details
000 -LEADER
fixed length control field 00374nam a22001097a 4500
082 ## - DEWEY DECIMAL CLASSIFICATION NUMBER
Classification number 343.099
Item number GUP
100 ## - MAIN ENTRY--PERSONAL NAME
Personal name GUPTA , APAR
245 ## - TITLE STATEMENT
Title COMMENTARY ON INFORMATION TECHNOLOGY ACT
Remainder of title COMPREHENSIVE COMMENTARY ON THE INFORMATION TECHNOLOGY ACT 2000 WITH RULES REGULATIONS ORDERS GUIDELINES AND REPORT ETC
260 ## - PUBLICATION, DISTRIBUTION, ETC. (IMPRINT)
Place of publication, distribution, etc NAGPUR
Name of publisher, distributor, etc WADHWA
Year of Publication 2007
300 ## - PAGE DESCRIPTION
No. of Pages 696
942 ## - ADDED ENTRY ELEMENTS (KOHA)
Source of classification or shelving scheme Dewey Decimal Classification
Koha item type Books
Holdings
Withdrawn status Lost status Source of classification or shelving scheme Damaged status Not for loan Collection code Home library Current library Shelving location Date acquired Cost, normal purchase price SGTU Total Checkouts Full call number Accession No. (Barcode) Date last seen Bill Date Koha item type
    Dewey Decimal Classification     LAW SGT Science & Social Sciences Library SGT Science & Social Sciences Library Text Book 03/10/2023 995.00 SGTU   343.099 GUP FL3145 03/10/2023 03/10/2023 Books